| 000 | 00465nam a2200169 a 4500 | ||
|---|---|---|---|
| 001 | 6375 | ||
| 005 | 20180713190230.0 | ||
| 008 | 140415s1988 000 0 spa d | ||
| 041 | _aspa | ||
| 082 |
_a863 _bPAO |
||
| 100 | 1 | _aPAOLI BOLIO, FRANCISCO JOSE | |
| 245 | 1 | 0 | _aMADRUGANDO AMANECE |
| 250 | _a2a ed. | ||
| 260 |
_a[s.l.] : _bPLAZA Y VALDES EDITORES, _c1988 |
||
| 300 | _a288 | ||
| 650 | 1 | 4 |
_aNOVELA POLITICA _xMEXICO _xPOLITICA EN LA LITERATURA |
| 999 |
_c6375 _d6375 |
||